Statistiques concernant Drapeaux en 15 secondes #6

Cliquez ici pour prendre le quiz!

Statistiques générales

  • Ce quiz a été pris 225 fois
  • Le résultat moyen est 5 sur 15

Statistiques - réponses

HintRéponse% Correct
Canada🇨🇦
52%
Mexique🇲🇽
51%
États-unis🇺🇸
51%
Pérou🇵🇪
44%
Angola🇦🇴
36%
Tanzanie🇹🇿
34%
Égypte🇪🇬
34%
Afrique du sud🇿🇦
33%
Kenya🇰🇪
31%
Tunisie🇹🇳
27%
Saint-Vincent-et-les-Grenadines🇻🇨
26%
Mauritanie🇲🇷
21%
Algérie🇩🇿
17%
Malawi🇲🇼
17%
Comores🇰🇲
11%

Distribution des résultats

Percentile par nombre de réponses

% des personnes avec chaque résultat

Votre développement - résultats

Vous n’avez pas pris ce quiz